Bezdetnosť a odkladanie rodenia prvých detí v krajinách Vyšehradskej skupiny

Analýza procesov odkladania a obnovy plodnosti prvého rádu v krajinách Vyšehradskej štvorky z kohortovej perspektívy. Začiatok, dynamika a vývoj opatrení odkladu a rekuperácie. Výsledky ukazujú, že nielenže existujú určité rozdiely medzi krajinami na začiatku odkladu, ale rozdiely sú aj v rozsahu to...

Descrizione completa

Salvato in:
Dettagli Bibliografici
Autore principale: Šprocha, Branislav
Natura: Capitolo di libro
Lingua:slovacco
Soggetti:
Tags: Aggiungi Tag
Nessun Tag, puoi essere il primo ad aggiungerne!!

MARC

LEADER 00000naa a2200000 4500
001 0288317
005 20221018084756.9
041 0 |a slo 
044 |a CZ 
245 1 0 |a Bezdetnosť a odkladanie rodenia prvých detí v krajinách Vyšehradskej skupiny  |c Branislav Šprocha 
520 |a Analýza procesov odkladania a obnovy plodnosti prvého rádu v krajinách Vyšehradskej štvorky z kohortovej perspektívy. Začiatok, dynamika a vývoj opatrení odkladu a rekuperácie. Výsledky ukazujú, že nielenže existujú určité rozdiely medzi krajinami na začiatku odkladu, ale rozdiely sú aj v rozsahu tohto odkladu a v úspešnosti následnej rekuperácie vo vyššom veku. 
610 2 0 |a demografia sociálna 
610 2 0 |a reprodukcia obyvateľstva 
610 2 0 |a plodnosť 
610 2 0 |a skupiny vekové 
610 2 0 |a Vyšehradská štvorka 
610 2 0 |a analýzy 
610 2 0 |a výskum 
100 1 |a Šprocha, Branislav